000 00798nas a2200253 4500
001 BR0807746
003 BR-BrBNA
005 20231205112725.0
007 ta
008 230509b bl.|||p| |||| 00| 00por d
040 _aBR-BrBNA
_bpor
_cBiblioteca Nacional de Agricultura
041 _a(En)
072 _aF60
100 1 _aFerri, C.P.
100 1 _aFormaggio, A.R.
100 1 _aSchiavinatu, M.A.
245 1 _aNarrow band spectral indexes for chlorophyll determination in soybean canopies (Glycine max (L.)Merril)
650 _aSOJA
650 _aBIOLOGIA VEGETAL
650 _aCLOROFILA
773 0 _tBrazilian Journal of Plant Physiology (Brazil)
_xISSN 1677-0420
_g(Sep-Dec 2004), v. 16(3) p. 131-136
_wBR0807746
909 _a202311
_bLúcia
_c55
_dLúcia Elande
942 _2AGRIS
_n0
_cANA
999 _c199597
_d199597